| 000 | 00762cam a2200241 a 4500 | ||
|---|---|---|---|
| 001 | 3091787 | ||
| 005 | 20180809063357.0 | ||
| 008 | 980611s1999 caua b 001 0 eng | ||
| 010 | _a 98086437 | ||
| 020 | _a0123298601 | ||
| 040 |
_aDLC _cDLC _dDLC |
||
| 041 | _aeng | ||
| 080 | _a612.640 HAR | ||
| 082 | 0 | 0 |
_a612.640 HAR _221 |
| 100 | _a7 | ||
| 101 | _aKAR | ||
| 245 | 0 | 0 |
_aHeart development / _cedited by Richard P. Harvey, Nadia Rosenthal. |
| 504 | _aIncludes bibliographical references and index. | ||
| 906 |
_a7 _bcbc _corignew _d2 _eopcn _f19 _gy-gencatlg |
||
| 942 |
_2ddc _cBK |
||
| 999 |
_c46968 _d46968 |
||